000 00266nam a22001097a 4500
008 170125b xxu||||| |||| 00| 0 eng d
020 _a9780073545615
041 _aeng
080 _27TH
_a61
245 _aTAKING SIDES/ HEALTH AND SOCIETY
_cDANIEL, E.L
942 _2udc
_cBK
999 _c3673
_d3673